00966nam a2200205 a 450000100100000000500170001000800410002704000250006808200160009310000410010924500810015026000350023130000200026650000630028650001510034904900090050095201140050995201200062399900170074300001601720200929164235.0100223s199? dr 000 0 spa d aDO-SdBNPbspacBNPHU axxxxbV335a1 aVásquez y Vásquez, José93596713aEl anacronismo de un riguroso plan de clase /cJosé Vásquez y Vásquez. aSanto Domingo :b[s.n.],c199? a72 p. ;c16 cm. aIncluye datos biográficos del autor en la contracubierta a"El maestro dominicano es digno de admiración, puesto es humilde y laborioso como un vasallo; pero sabe pensar en grande como un señor feudal" aBNPD 0010718PDaPDbPDcCTd2010-02-23iLF1l0oxxxx V335ap16017-10r2020-06-25w2020-06-25yLFPDZNo se presta 0010718PDaPDbPDcCTd2010-05-11iLF1l0oxxxx V335ap16017-30r2020-06-25te. 2w2020-06-25yLFPDZNo se presta c15559d15559